000 00847nas a2200265 4500
001 BR8304037
003 BR-BrBNA
005 20231205085634.0
007 ta
008 230509b bl.|||p| |||| 00| 00por d
040 _aBR-BrBNA
_bpor
_cBiblioteca Nacional de Agricultura
041 _a(Pt)
072 _aM10
100 1 _aFontenele, O.
100 1 _aVasconcelos, E.A. de
100 1 _aDuarte, E.A.
245 1 _aAnalise da deplecao dos estoques de piranha (Serrasalmus Lacepede, 1803)em acudes do nordeste [Brasil]
650 _aPIRANHA
650 _aCAPTURA
650 _aESTOQUE
650 _aREGIAO NORDESTE
773 0 _tBoletim Tecnico - Departamento Nacional de Obras Contra as Secas (Brazil)
_xISSN 0374-6658
_g(Jan-Jun 1983), v. 41(1) p. 5-26
_wBR8304037
909 _a202311
_bLúcia
_c55
_dLúcia Elande
942 _2AGRIS
_n0
_cANA
999 _c112723
_d112723